000 00541nam a2200229Ia 4500
003 OSt
005 20220918185045.0
006 a|||||r|||| 00| 0
007 ta
008 220917b |||||||| |||| 00| 0 eng d
024 _a49,389
037 _cTextual
040 _aARTS
_cARTS
_beng
041 _2eng
_aeng
082 _aP1:1, K3
100 _aMann S E
_967619
245 0 _aArmenian and Indo European
260 _c1963
650 _aLINGUISTICS
942 _hP1:1, K3
_cTEXL
_2CC
999 _c179013
_d179013